| 000 | 00625nam a2200217 a 4500 | ||
|---|---|---|---|
| 001 | 65570 | ||
| 003 | BD-RjUL | ||
| 005 | 20211209081436.0 | ||
| 008 | 170308s1939 enk |||| ||| 000 0 eng d | ||
| 035 | _a(BD-RjUL)65700 | ||
| 040 |
_aBD-RjUL _beng _cBD-RjUL _dBD-RjUL |
||
| 041 | _aeng | ||
| 082 |
_223 _a821 _bJUN 1939 |
||
| 245 | 0 | 0 |
_aJunior narrative verse / _cV. H. Collings and H. A. Tereble -editor |
| 260 |
_aLondon : _bOxford University Press, _c1939. |
||
| 300 |
_a144 p. ; _c17 cm. |
||
| 650 |
_aEnglish Poetry _9179095 |
||
| 700 |
_aCollings, V. H. _9194015 |
||
| 700 |
_aTereble, H. A. _9194016 |
||
| 942 |
_2ddc _cBK |
||
| 999 |
_c65570 _d65570 |
||